| 000 | 00396nam a2200157Ia 4500 | ||
|---|---|---|---|
| 003 | OSt | ||
| 005 | 20240306161639.0 | ||
| 008 | 170523s9999 xx 000 0 und d | ||
| 020 | _a978-9350244548 | ||
| 040 | _cIIMT UNIVERSITY, MEERUT | ||
| 100 | _aDESAI- VASANT | ||
| 245 | 0 | _aDYNAMICS OF ENTERPRENURESHIP DEVELOPMENT | |
| 260 |
_c2002 _bHIMALAYA PUBLICATION |
||
| 300 | _a703 | ||
| 942 |
_2ddc _c02 |
||
| 999 |
_c1063 _d1063 |
||